Vestibular Migraine

Vestibular Migraine is a concise monograph that presents the scientific basis for the diagnosis and treatment of this common yet largely unrecognized cause of dizziness. Current knowledge of the features of the disorder is described, and clear guidance is provided on the differentiation of vestibula...

Πλήρης περιγραφή

Λεπτομέρειες βιβλιογραφικής εγγραφής
Συγγραφή απο Οργανισμό/Αρχή: SpringerLink (Online service)
Άλλοι συγγραφείς: Wetmore, Stephen (Επιμελητής έκδοσης), Rubin, Allan (Επιμελητής έκδοσης)
Μορφή: Ηλεκτρονική πηγή Ηλ. βιβλίο
Γλώσσα:English
Έκδοση: Cham : Springer International Publishing : Imprint: Springer, 2015.
Θέματα:
Διαθέσιμο Online:Full Text via HEAL-Link
LEADER 03135nam a22004935i 4500
001 978-3-319-14550-1
003 DE-He213
005 20151204152816.0
007 cr nn 008mamaa
008 150209s2015 gw | s |||| 0|eng d
020 |a 9783319145501  |9 978-3-319-14550-1 
024 7 |a 10.1007/978-3-319-14550-1  |2 doi 
040 |d GrThAP 
050 4 |a RF1-547 
072 7 |a MJP  |2 bicssc 
072 7 |a MED066000  |2 bisacsh 
082 0 4 |a 617.51  |2 23 
245 1 0 |a Vestibular Migraine  |h [electronic resource] /  |c edited by Stephen Wetmore, Allan Rubin. 
264 1 |a Cham :  |b Springer International Publishing :  |b Imprint: Springer,  |c 2015. 
300 |a IX, 59 p. 2 illus.  |b online resource. 
336 |a text  |b txt  |2 rdacontent 
337 |a computer  |b c  |2 rdamedia 
338 |a online resource  |b cr  |2 rdacarrier 
347 |a text file  |b PDF  |2 rda 
505 0 |a Introduction -- Diagnosis of migraine headaches -- Diagnosis of vestibular migraine -- Vestibular migraine and Meniere’s disease -- Treatment-Joel Goebel. 
520 |a Vestibular Migraine is a concise monograph that presents the scientific basis for the diagnosis and treatment of this common yet largely unrecognized cause of dizziness. Current knowledge of the features of the disorder is described, and clear guidance is provided on the differentiation of vestibular migraine from other conditions that induce dizziness, including Ménière’s disease. Symptomatic treatment and the various prophylactic options are discussed and evaluated, and advice is also included on long-term treatment and the circumstances under which treatment should be discontinued. Approximately one-third of migraineurs experience dizziness that sometimes occurs in conjunction with the headaches but often arises separately. The vestibular symptoms in this population vary in frequency, severity, and duration; they are described as spinning or lightheadedness or both and are often exacerbated by position change. Ear fullness, tinnitus, and hearing loss are frequent complaints. Vestibular migraine is diagnosed by carefully obtaining a history: there are no pathognomonic blood, urine, or imaging studies. This book will be of interest to all physicians and other health care providers who deal with dizzy patients, including internists, family physicians, neurologists, otolaryngologists, and trainees in those specialties, as well as nurse practitioners and physician assistants. 
650 0 |a Medicine. 
650 0 |a General practice (Medicine). 
650 0 |a Internal medicine. 
650 0 |a Neurology. 
650 0 |a Otorhinolaryngology. 
650 1 4 |a Medicine & Public Health. 
650 2 4 |a Otorhinolaryngology. 
650 2 4 |a Neurology. 
650 2 4 |a Internal Medicine. 
650 2 4 |a General Practice / Family Medicine. 
700 1 |a Wetmore, Stephen.  |e editor. 
700 1 |a Rubin, Allan.  |e editor. 
710 2 |a SpringerLink (Online service) 
773 0 |t Springer eBooks 
776 0 8 |i Printed edition:  |z 9783319145495 
856 4 0 |u http://dx.doi.org/10.1007/978-3-319-14550-1  |z Full Text via HEAL-Link 
912 |a ZDB-2-SME 
950 |a Medicine (Springer-11650)